• 首页
  • 本馆介绍
  • 公告通知
  • 最新文献
  • 馆藏检索
  • 电子资源
  • 读者导购
  • 参考咨询
  • 我的图书馆
  • 登录
  • 详细信息显示
  • 放入我的书架
  • 预约/预借图书
  • 作者相关作品
  • 分类相关作品
  • 丛书相关作品
  • 出版社相关作品

书目信息

  • 表格格式
  • 工作单格式
  • 卡片格式
题名:
旅游开发与文化变迁
    
 
作者: 宗晓莲 著
分册:  
出版信息: 北京   中国旅游出版社  2006
页数: 243页
开本: 23cm
丛书名: 旅游学术文库
单 册:
中图分类: F592.774.2 , F592.774.2
科图分类:
主题词: 旅游资源--资源开发--关系--纳西族--民族文化--研究--丽江地区 , 资源开发 , 纳西族 , 民族文化 , 旅游资源 , 旅游经济
电子资源:
ISBN: 7-5032-3016-9
000 01442oam2 2200349 450
001 1132586734
005 20111005091331.50
010    @a7-5032-3016-9@dCNY32.00
100    @a20070109d2006 em y0chiy50 ea
101 0  @achi@deng
102    @aCN@b110000
105    @aa z 000yy
106    @ar
200 1  @a旅游开发与文化变迁@e以云南省丽江县纳西族文化为例@f宗晓莲著@Alv you kai fa yu wen hua bian qian
210    @a北京@c中国旅游出版社@d2006
215    @a243页@c照片@d23cm
225 2  @a旅游学术文库
312    @a封面英文题名:Tourism development and cultural changes: with Lijiang county Naxi culture as the example
330    @a本书对丽江县纳西文化近年来的变迁情况进行了深入研究。既分析了纳西人衣食住行、家庭结构、亲属关系、价值观念等生活方面的变化,也研究了大研古城、东巴文化、纳西古乐等,并从促进旅游地社会文化可持续发展的角度反省了纳西族民族歌舞和手工技艺的现状和问题。
461  0 @1001012001059306
510 1  @aTourism development and cultural changes@ewith Lijiang county Naxi culture as the example@zeng
606 0  @a旅游资源@x资源开发@x关系@x纳西族@x民族文化@x研究@y丽江地区
606 0  @a资源开发
606 0  @a纳西族
606 0  @a民族文化
606 0  @a旅游资源
606 0  @a旅游经济
690    @aF592.774.2@v4
690    @aF592.774.2@v4
701  0 @a宗晓莲@c(女)@4著@Azong xiao lian
801  0 @aCN@b大连网信软件有限公司图书馆·11@c20111005
905    @a10447@dF592.774.2@eJY27
    
    旅游开发与文化变迁:以云南省丽江县纳西族文化为例/宗晓莲著.-北京:中国旅游出版社,2006
    243页:照片;23cm .-(旅游学术文库 )
    
    
    ISBN 7-5032-3016-9:CNY32.00
    本书对丽江县纳西文化近年来的变迁情况进行了深入研究。既分析了纳西人衣食住行、家庭结构、亲属关系、价值观念等生活方面的变化,也研究了大研古城、东巴文化、纳西古乐等,并从促进旅游地社会文化可持续发展的角度反省了纳西族民族歌舞和手工技艺的现状和问题。
●
相关链接 在E读中查询图书 在五车中查询图书 在当当中查询图书 在豆瓣中查询图书


正题名:旅游开发与文化变迁     索取号:F592.774.2/JY27         预约/预借

序号 登录号 条形码 馆藏地/架位号 状态 备注
1 7813966   278139667   学院路分馆/ [索取号:F592.774.2/JY27] 在馆    
2 7813967   278139676   学院路分馆/ [索取号:F592.774.2/JY27] 在馆    
唐山师范学院图书馆 欢迎您!
大连网信软件有限公司© 版权所有